00000000nam 2200000zi 4500
0019.867860
003CaOODSP
00520221107162427
006m     o  d f      
007cr |||||||||||
008190131s2019    onc    #ol|||f|0| 0|eng d
040 |aCaOODSP|beng|erda|cCaOODSP
041 |aeng|afre
043 |an-cn---
0861 |aXB421-427/1-PDF
1101 |aCanada. |bParliament. |bHouse of Commons.
24513|aAn Act to amend the Department of Agriculture and Agri-Food Act (excellence in agricultural innovation) = |bLoi modifiant la Loi sur le ministère de l’Agriculture et de l’Agroalimentaire (excellence en matière d’innovation en agriculture).
24631|aLoi modifiant la Loi sur le ministère de l’Agriculture et de l’Agroalimentaire (excellence en matière d’innovation en agriculture)
264 1|a[Ottawa, Ontario] : |bHouse of Commons of Canada = Chambre des communes du Canada, |c2019.
300 |a1 online resource (ii, 2 pages)
336 |atext|btxt|2rdacontent
337 |acomputer|bc|2rdamedia
338 |aonline resource|bcr|2rdacarrier
4901 |aBill C-... ; |vBill C-427, 1st session, 42nd Parliament
500 |a"First reading, January 31, 2019."
500 |aTitle from cover.
520 |a"This enactment amends the Agriculture and Agri-Food Act to establish an advisory committee for the pursuit of excellence in agricultural innovation"--Summary, p. ii.
546 |aText in English and in French.
69207|2gccst|aLegislation
69207|2gccst|aAgricultural technology
792 |tAn Act to amend the Department of Agriculture and Agri-Food Act (excellence in agricultural innovation) = |efre|w(CaOODSP)9.867862
830#0|aBill C-...|vBill C-427, 1st session, 42nd Parliament.|w(CaOODSP)9.500659
85640|qPDF|s200 KB|uhttps://publications.gc.ca/collections/collection_2019/parl/XB421-427-1.pdf